Top 25 NFL Players Going Into 2025-26 Season - Statistics

General Stats
  • This quiz has been taken 180 times
  • The average score is 18 of 25
Answer Stats
Rank Team Position Answer % Correct
1 Chiefs QB Patrick Mahomes
99%
5 Bengals QB Joe Burrow
98%
2 Bills QB Josh Allen
98%
4 Ravens QB Lamar Jackson
98%
3 Browns DE Myles Garrett
95%
7 Vikings WR Justin Jefferson
91%
8 Bengals WR Ja'Marr Chase
90%
20 Chiefs TE Travis Kelce
90%
24 Commanders QB Jayden Daniels
86%
9 Packers DE/OLB Micah Parsons
86%
17 Eagles RB Saquon Barkley
85%
19 Cowboys WR Ceedee Lamb
84%
11 Steelers DE/OLB T.J Watt
82%
10 Chiefs DT Chris Jones
81%
12 Eagles OT Lane Johnson
76%
13 49ers MLB Fred Warner
75%
21 Raiders DE Maxx Crosby
75%
16 Lions DE Aidan Hutchinson
72%
14 Lions OT Penei Sewell
66%
15 Ravens S Kyle Hamilton
37%
25 Chiefs C Creed Humphrey
34%
18 Eagles DT Jalen Carter
34%
6 Broncos CB Pat Surtain
31%
22 Buccaneers OT Tristan Wirfs
30%
23 Eagles OT Jordan Mailata
26%
No matching quizzes found
Score Distribution
Percent of People with Each Score
Percentile by Number Answered
Your Score History
You have not taken this quiz